[Event "Gelsenkirchen Koenigsspringer op"]
[Site "Gelsenkirchen"]
[Date "2019.12.29"]
[Round "5"]
[White "Klein, Andreas2"]
[Black "Vishanji, Adrian"]
[Result "1/2-1/2"]
[WhiteElo "1734"]
[BlackElo "1892"]
[PlyCount "106"]
[EventDate "2019.12.27"]
[EventType "swiss"]
[EventRounds "7"]
[EventCountry "GER"]
[SourceTitle "CBM 194 Extra"]
[Source "ChessBase"]
[SourceDate "2020.03.31"]
[SourceVersion "1"]
[SourceVersionDate "2020.03.31"]
[SourceQuality "1"]

1. e4 e6 2. d4 d5 3. Nd2 c5 4. exd5 exd5 5. Ngf3 Nf6 6. Bb5+ Bd7 7. Bxd7+ Nbxd7 8. 0-0 Be7 9. c3 0-0 10. Qc2 Rc8 11. dxc5 Bxc5 12. Nb3 Bb6 13. Bg5 Qc7 14. Rad1 Qc4 15. Bxf6 Nxf6 16. Qd3 Qa4 17. Qb1 Rcd8 18. Nbd4 Rfe8 19. a3 Re4 20. Rde1 Rde8 21. h3 h6 22. Nf5 Qd7 23. Ng3 R4e6 24. Rxe6 Rxe6 25. Re1 Qd6 26. Rxe6 fxe6 27. Kf1 Qf4 28. Qe1 Ne4 29. Nxe4 dxe4 30. Nd4 e5 31. Nc2 g5 32. Ne3 Qh2 33. Ng4 Qh1+ 34. Ke2 Qxg2 35. Qd1 Qf3+ 36. Ke1 Qh1+ 37. Ke2 Qf3+ 38. Ke1 Qxd1+ 39. Kxd1 Kg7 40. Ke2 Bc7 41. Ke3 h5 42. Nh2 Bb6+ 43. Kxe4 Bxf2 44. Nf3 g4 45. hxg4 hxg4 46. Nxe5 g3 47. Kf3 Bc5 48. Nc4 b5 49. Nd2 Kf7 50. Ne4 Be7 51. Nxg3 Ke6 52. Ke4 Bg5 53. Ne2 Kd6 1/2-1/2

[Event "Gelsenkirchen Koenigsspringer op"]
[Site "Gelsenkirchen"]
[Date "2019.12.28"]
[Round "3"]
[White "Schicktanz, Florian"]
[Black "Vishanji, Adrian"]
[Result "1-0"]
[WhiteElo "1723"]
[BlackElo "1892"]
[PlyCount "57"]
[EventDate "2019.12.27"]
[EventType "swiss"]
[EventRounds "7"]
[EventCountry "GER"]
[SourceTitle "CBM 194 Extra"]
[Source "ChessBase"]
[SourceDate "2020.03.31"]
[SourceVersion "1"]
[SourceVersionDate "2020.03.31"]
[SourceQuality "1"]

1. e4 e6 2. c4 d5 3. cxd5 exd5 4. exd5 Qxd5 5. Nc3 Qe5+ 6. Qe2 Nc6 7. Qxe5+ Nxe5 8. d4 Nc6 9. Be3 Bb4 10. Bb5 Bd7 11. 0-0-0 Bxc3 12. bxc3 Nf6 13. Ne2 a6 14. Bd3 0-0 15. d5 Ne5 16. Ng3 Bb5 17. Bxb5 axb5 18. Bc5 Rfe8 19. Kb1 Rad8 20. d6 b6 21. dxc7 Rxd1+ 22. Rxd1 Nc6 23. Bxb6 Ne7 24. Rd8 Nc8 25. Ne4 Kf8 26. Bc5+ Ne7 27. Nxf6 gxf6 28. Bxe7+ Kxe7 29. Rxe8+ 1-0

[Event "Gelsenkirchen Koenigsspringer op"]
[Site "Gelsenkirchen"]
[Date "2019.12.28"]
[Round "4"]
[White "Vishanji, Adrian"]
[Black "Abulhanov, Dinar"]
[Result "1-0"]
[WhiteElo "1892"]
[BlackElo "1524"]
[PlyCount "55"]
[EventDate "2019.12.27"]
[EventType "swiss"]
[EventRounds "7"]
[EventCountry "GER"]
[SourceTitle "CBM 194 Extra"]
[Source "ChessBase"]
[SourceDate "2020.03.31"]
[SourceVersion "1"]
[SourceVersionDate "2020.03.31"]
[SourceQuality "1"]

1. e4 c5 2. Nf3 d6 3. d4 cxd4 4. Nxd4 Nf6 5. Nc3 a6 6. Bc4 e6 7. Be3 Be7 8. f3 0-0 9. Qd2 b5 10. Bb3 e5 11. Nde2 Bb7 12. 0-0-0 Nbd7 13. g4 Nc5 14. Ng3 Nxb3+ 15. axb3 Qa5 16. Nf5 Nxe4 17. Nxe7+ Kh8 18. fxe4 Bxe4 19. Rhf1 Rad8 20. Ned5 Rc8 21. Kb1 Bxd5 22. Nxd5 Qd8 23. Bg5 f6 24. Be3 g5 25. Bb6 Qe8 26. Rxf6 Rxf6 27. Nxf6 Qc6 28. Qd3 1-0

[Event "Gelsenkirchen Silvester op 6th"]
[Site "Gelsenkirchen"]
[Date "2018.12.27"]
[Round "1"]
[White "Meiler, Wolfgang"]
[Black "Vishanji, Adrian"]
[Result "0-1"]
[WhiteElo "1225"]
[BlackElo "1900"]
[PlyCount "56"]
[EventDate "2018.12.27"]
[EventType "swiss"]
[EventRounds "7"]
[EventCountry "GER"]
[SourceTitle "CBM 188 Extra"]
[Source "ChessBase"]
[SourceDate "2019.02.28"]
[SourceVersion "1"]
[SourceVersionDate "2019.02.28"]
[SourceQuality "1"]

1. e4 e6 2. Nf3 d5 3. e5 c5 4. d4 cxd4 5. Nxd4 Nc6 6. Bf4 Bc5 7. c3 Qb6 8. Qc2 Nxd4 9. cxd4 Bxd4 10. Nc3 Bd7 11. Rb1 Ne7 12. Bd3 Ng6 13. Bg3 Nxe5 14. Bxh7 Rc8 15. 0-0 Qa5 16. Bxe5 Bxe5 17. Rbc1 d4 18. f4 Bf6 19. Qd3 dxc3 20. bxc3 Qc5+ 21. Kh1 Qh5 22. Rfd1 Bc6 23. h3 Qxh7 24. Qe2 Qxh3+ 25. Kg1 Qh2+ 26. Kf2 Qxf4+ 27. Ke1 Rh1+ 28. Qf1 Qe3# 0-1

[Event "Gelsenkirchen Silvester op 6th"]
[Site "Gelsenkirchen"]
[Date "2018.12.27"]
[Round "2"]
[White "Vishanji, Adrian"]
[Black "Illner, Jan"]
[Result "1-0"]
[WhiteElo "1900"]
[BlackElo "1608"]
[PlyCount "39"]
[EventDate "2018.12.27"]
[EventType "swiss"]
[EventRounds "7"]
[EventCountry "GER"]
[SourceTitle "CBM 188 Extra"]
[Source "ChessBase"]
[SourceDate "2019.02.28"]
[SourceVersion "1"]
[SourceVersionDate "2019.02.28"]
[SourceQuality "1"]

1. e4 e5 2. Nf3 Nc6 3. d4 exd4 4. Bc4 Bb4+ 5. c3 dxc3 6. 0-0 Nge7 7. bxc3 Bc5 8. Ng5 Ne5 9. Bxf7+ Nxf7 10. Nxf7 Kxf7 11. Qh5+ Kg8 12. Qxc5 d6 13. Qc4+ Kf8 14. Bg5 Bd7 15. f4 Bc6 16. f5 d5 17. f6 gxf6 18. Rxf6+ Kg7 19. Qd4 dxe4 20. Rd6+ 1-0

[Event "Gelsenkirchen Silvester op 5th"]
[Site "Gelsenkirchen"]
[Date "2017.12.29"]
[Round "5"]
[White "Vishanji, Adrian"]
[Black "Vishanji, Franz"]
[Result "1-0"]
[WhiteElo "1816"]
[BlackElo "1869"]
[PlyCount "65"]
[EventDate "2017.12.27"]
[EventType "swiss"]
[EventRounds "5"]
[EventCountry "GER"]
[SourceTitle "CBM 182 Extra"]
[Source "ChessBase"]
[SourceDate "2018.02.23"]
[SourceVersion "1"]
[SourceVersionDate "2018.02.23"]
[SourceQuality "1"]

1. e4 Nf6 2. e5 Nd5 3. d4 d6 4. exd6 exd6 5. c4 Nb6 6. Nf3 Be7 7. Be2 Bf5 8. 0-0 N8d7 9. b3 c6 10. Bb2 Qc7 11. Re1 0-0-0 12. Bd3 Bxd3 13. Rxe7 Bg6 14. Qe2 Kb8 15. Nc3 Nc8 16. Re3 Nf6 17. Nh4 Bh5 18. f3 g5 19. Nf5 g4 20. d5 gxf3 21. gxf3 Rhe8 22. Nb5 Rxe3 23. Qxe3 Rg8+ 24. Kf2 Nxd5 25. cxd5 cxb5 26. Rc1 Qd7 27. Qf4 Bg6 28. Nh6 Re8 29. Ng4 Re7 30. Nf6 Qh3 31. Ba3 Re5 32. Bxd6+ Nxd6 33. Qxe5 1-0

[Event "Gelsenkirchen Silvester op 5th"]
[Site "Gelsenkirchen"]
[Date "2017.12.27"]
[Round "2"]
[White "Schmidt, Sebastian"]
[Black "Vishanji, Adrian"]
[Result "0-1"]
[WhiteElo "1574"]
[BlackElo "1816"]
[PlyCount "92"]
[EventDate "2017.12.27"]
[EventType "swiss"]
[EventRounds "5"]
[EventCountry "GER"]
[SourceTitle "CBM 182 Extra"]
[Source "ChessBase"]
[SourceDate "2018.02.23"]
[SourceVersion "1"]
[SourceVersionDate "2018.02.23"]
[SourceQuality "1"]

1. d4 d5 2. Nf3 Nf6 3. c4 e6 4. Bg5 Be7 5. e3 0-0 6. Nc3 b6 7. Bd3 Bb7 8. 0-0 Nbd7 9. Rc1 Ne4 10. Bxe7 Qxe7 11. Nd2 Nxc3 12. Rxc3 c5 13. cxd5 exd5 14. Nf3 Rac8 15. Qe2 c4 16. Bf5 g6 17. Bxd7 Qxd7 18. Ne5 Qe6 19. Qg4 Qxg4 20. Nxg4 f6 21. h4 b5 22. Rfc1 b4 23. R3c2 a5 24. e4 h5 25. Ne3 dxe4 26. Rxc4 Rxc4 27. Rxc4 Rc8 28. Rxc8+ Bxc8 29. Nc4 Be6 30. Nxa5 Bxa2 31. Nc6 b3 32. Kf1 Kf7 33. Ke2 Ke6 34. Ke3 Kd6 35. Nd8 Kd5 36. Nf7 Bb1 37. Nh8 g5 38. Ng6 Ke6 39. hxg5 fxg5 40. Nf8+ Kf5 41. Nd7 h4 42. d5 g4 43. f3 exf3 44. gxf3 g3 45. f4 h3 46. Kf3 h2 0-1

[Event "Gelsenkirchen Silvester op 4th"]
[Site "Gelsenkirchen"]
[Date "2016.12.28"]
[Round "4"]
[White "Koch, Burkhard"]
[Black "Vishanji, Adrian"]
[Result "0-1"]
[WhiteElo "1822"]
[BlackElo "1907"]
[PlyCount "86"]
[EventDate "2016.12.27"]
[EventType "swiss"]
[EventRounds "5"]
[EventCountry "GER"]
[SourceTitle "EXT 2019"]
[Source "ChessBase"]
[SourceDate "2018.10.10"]
[SourceVersion "1"]
[SourceVersionDate "2018.10.10"]
[SourceQuality "1"]

1. e4 e6 2. d4 d5 3. Nc3 Bb4 4. e5 c5 5. Bd2 cxd4 6. Nb5 Bc5 7. b4 Be7 8. Qg4 g6 9. Nxd4 Nc6 10. Nxc6 bxc6 11. c4 h5 12. Qd4 Nh6 13. Bxh6 Rxh6 14. c5 g5 15. h4 g4 16. g3 f6 17. f4 gxf3 18. Nxf3 fxe5 19. Nxe5 Qc7 20. 0-0-0 Bf6 21. Re1 Rb8 22. a3 a5 23. Qf4 Bg7 24. Bd3 Rf6 25. Bg6+ Kf8 26. Qg5 axb4 27. Rhf1 Qe7 28. Nxc6 Qxc5+ 29. Bc2 Qxc6 30. Rxf6+ Bxf6 31. Qxf6+ Ke8 32. Qg6+ Kd8 33. Qf6+ Kc7 34. axb4 Bd7 35. Qe5+ Kb7 36. b5 Qxb5 37. Re3 Rc8 38. Qb2 Qxb2+ 39. Kxb2 Rg8 40. Bd1 Kc7 41. Bxh5 Kd6 42. Bd1 e5 43. g4 Bxg4 0-1

[Event "Gelsenkirchen Silvester op 3rd"]
[Site "Gelsenkirchen"]
[Date "2015.12.28"]
[Round "4"]
[White "Boldrick, Marcel"]
[Black "Vishanji, Adrian"]
[Result "1/2-1/2"]
[WhiteElo "1378"]
[BlackElo "1890"]
[PlyCount "48"]
[EventDate "2015.12.27"]
[EventType "swiss"]
[EventRounds "5"]
[EventCountry "GER"]
[SourceTitle "EXT 2019"]
[Source "ChessBase"]
[SourceDate "2018.10.10"]
[SourceVersion "1"]
[SourceVersionDate "2018.10.10"]
[SourceQuality "1"]

1. e4 e6 2. d4 d5 3. e5 c5 4. c3 Nc6 5. Nf3 Qb6 6. Qb3 Qc7 7. Be3 cxd4 8. cxd4 f6 9. Bf4 fxe5 10. Nxe5 Bd6 11. Bb5 Bd7 12. Bxc6 Bxc6 13. 0-0 Ne7 14. Nd2 0-0 15. Bg3 Nf5 16. Ndf3 Rae8 17. Rfe1 a5 18. Nxc6 Bxg3 19. hxg3 Qxc6 20. Rac1 Qa6 21. Rc7 Rf7 22. Rc5 a4 23. Qc2 Nd6 24. Ng5 Rf5 1/2-1/2

[Event "Solingen Karneval op"]
[Site "Solingen"]
[Date "2014.03.01"]
[Round "3"]
[White "Vishanji, Adrian"]
[Black "Meckel, Helmut"]
[Result "1-0"]
[WhiteElo "1905"]
[BlackElo "1820"]
[PlyCount "101"]
[EventDate "2014.02.28"]
[EventType "swiss"]
[EventRounds "5"]
[EventCountry "GER"]
[SourceTitle "EXT 2016"]
[Source "ChessBase"]
[SourceDate "2015.10.08"]
[SourceVersion "1"]
[SourceVersionDate "2015.10.08"]
[SourceQuality "1"]

1. e4 e5 2. Nf3 Nc6 3. d4 exd4 4. Bc4 Bc5 5. c3 dxc3 6. Nxc3 d6 7. Bg5 Qd7 8. 0-0 Nge7 9. Bxe7 Qxe7 10. Nd5 Qd8 11. b4 Bb6 12. a4 Ne5 13. Nxb6 axb6 14. Nxe5 dxe5 15. Qxd8+ Kxd8 16. Bxf7 Ke7 17. Bb3 Be6 18. Bxe6 Kxe6 19. Rfc1 c6 20. Rd1 Rhd8 21. Rxd8 Rxd8 22. f3 Rd4 23. Rb1 Kd6 24. a5 Kc7 25. axb6+ Kxb6 26. Kf2 Rd2+ 27. Kg3 Kb5 28. Ra1 Rd4 29. Ra5+ Kxb4 30. Rxe5 c5 31. Re7 b5 32. e5 c4 33. Rxg7 Kc3 34. e6 Rd6 35. e7 Re6 36. f4 b4 37. f5 Re1 38. f6 b3 39. f7 Rxe7 40. f8Q Rxg7+ 41. Qxg7+ Kc2 42. Qxh7+ Kb2 43. Kf3 c3 44. Qg7 Kc2 45. Qg6+ Kc1 46. Qg5+ Kc2 47. Qf5+ Kb2 48. Qe5 Kc2 49. Qe4+ Kb2 50. Qd4 Kc2 51. Ke2 1-0

[Event "Rheinland Pfalz op 4th"]
[Site "Altenkirchen"]
[Date "2012.06.07"]
[Round "2"]
[White "Vishanji, Adrian"]
[Black "Rosch, Oliver"]
[Result "1-0"]
[WhiteElo "1906"]
[BlackElo "1412"]
[PlyCount "79"]
[EventDate "2012.06.07"]
[EventType "swiss"]
[EventRounds "7"]
[EventCountry "GER"]
[SourceTitle "CBM 148 Extra"]
[Source "ChessBase"]
[SourceDate "2012.06.22"]
[SourceVersion "1"]
[SourceVersionDate "2012.06.22"]
[SourceQuality "1"]

1. e4 g6 2. d4 Bg7 3. f4 d6 4. Bc4 c6 5. Nf3 b5 6. Bb3 a5 7. a3 Qb6 8. Be3 Ba6 9. c3 Nd7 10. 0-0 a4 11. Ba2 b4 12. Qxa4 Ngf6 13. Qb3 0-0 14. Re1 Nxe4 15. axb4 d5 16. Nbd2 Ndf6 17. Nxe4 Nxe4 18. Qc2 Qb5 19. c4 Qb7 20. Ne5 e6 21. Bd2 Rfd8 22. Bc3 Qc7 23. b5 cxb5 24. cxd5 exd5 25. Bxd5 Rxd5 26. Qxe4 Rdd8 27. Ba5 Qd6 28. Bxd8 Rxd8 29. Nc6 Bxd4+ 30. Qxd4 Qxd4+ 31. Nxd4 Rxd4 32. Rxa6 Rxf4 33. Rf1 Rb4 34. Rf2 Rc4 35. h3 b4 36. Raf6 Rc7 37. Rb6 Rc4 38. Rb7 f5 39. Rd2 f4 40. Rd8# 1-0

[Event "Crema op 11th"]
[Site "Crema"]
[Date "2009.09.05"]
[Round "3"]
[White "Vishanji, Adrian"]
[Black "Bonade, Massimo"]
[Result "0-1"]
[WhiteElo "1931"]
[BlackElo "2097"]
[PlyCount "144"]
[EventDate "2009.09.04"]
[EventType "swiss"]
[EventRounds "6"]
[EventCountry "ITA"]
[SourceTitle "EXT 2011"]
[Source "ChessBase"]
[SourceDate "2010.11.26"]
[SourceVersion "1"]
[SourceVersionDate "2010.11.26"]
[SourceQuality "1"]

1. e4 c5 2. Nf3 d6 3. d4 cxd4 4. Nxd4 Nf6 5. Nc3 a6 6. f3 e5 7. Nb3 Be6 8. Bg5 Nbd7 9. Qd2 Be7 10. 0-0-0 0-0 11. Be2 b5 12. Bxf6 Nxf6 13. Kb1 b4 14. Nd5 Bxd5 15. exd5 a5 16. g4 a4 17. Nc1 Qb6 18. g5 Nh5 19. Nd3 b3 20. cxb3 axb3 21. a3 Nf4 22. h4 Nxd5 23. Nxe5 dxe5 24. Qxd5 Ra5 25. Qe4 Bxa3 26. bxa3 Rxa3 27. Qxe5 b2 28. Qb5 Qa7 29. Qd5 Qa4 30. Bc4 Ra1+ 31. Kxb2 Rb8+ 32. Bb3 Ra2+ 33. Kc3 Qb4+ 34. Kd3 Qxb3+ 35. Qxb3 Rxb3+ 36. Ke4 Ra4+ 37. Kd5 Rxf3 38. Rc1 g6 39. Ra1 Rb4 40. Rab1 Rf5+ 41. Kc6 Rc4+ 42. Kd6 Rff4 43. h5 gxh5 44. Rxh5 Rh4 45. Rxh4 Rxh4 46. Ke5 Kg7 47. Rg1 Rh2 48. Kf5 Rf2+ 49. Kg4 Kg6 50. Kh4 Rh2+ 51. Kg3 Rh5 52. Kf4 Rh4+ 53. Rg4 Rh1 54. Rg2 Rf1+ 55. Kg4 Rf5 56. Kh4 Ra5 57. Rg1 Rf5 58. Rg2 h6 59. gxh6+ Kxh6 60. Rg8 Rf4+ 61. Kg3 Rf6 62. Kg4 Rg6+ 63. Rxg6+ Kxg6 64. Kf4 Kf6 65. Ke4 Kg5 66. Kf3 Kf5 67. Ke3 Kg4 68. Kf2 Kf4 69. Ke2 Kg3 70. Kf1 Kf3 71. Ke1 f5 72. Kf1 f4 0-1

[Event "Crema op 10th"]
[Site "Crema"]
[Date "2008.09.07"]
[Round "6"]
[White "Cecchini, Massimo S"]
[Black "Vishanji, Adrian"]
[Result "1-0"]
[WhiteElo "1762"]
[BlackElo "1974"]
[PlyCount "61"]
[EventDate "2008.09.05"]
[EventType "swiss"]
[EventRounds "6"]
[EventCountry "ITA"]
[SourceTitle "EXT 2011"]
[Source "ChessBase"]
[SourceDate "2010.11.26"]
[SourceVersion "1"]
[SourceVersionDate "2010.11.26"]
[SourceQuality "1"]

1. d4 d5 2. Nf3 Nf6 3. c4 e6 4. g3 b6 5. Bg2 Bb7 6. 0-0 Bd6 7. Nc3 0-0 8. b3 Nbd7 9. Bb2 c6 10. Qc2 Rc8 11. Rfe1 c5 12. Nb5 Bb8 13. dxc5 Nxc5 14. Rad1 Qe7 15. Ng5 h6 16. Bxf6 hxg5 17. Bxe7 Rfe8 18. Bxg5 a6 19. Nc3 b5 20. cxb5 axb5 21. Nxb5 Ne4 22. Qxc8 Rxc8 23. Bxe4 dxe4 24. Rd8+ Rxd8 25. Bxd8 Ba6 26. Nc3 f5 27. e3 Kf7 28. Na4 Bd6 29. Bb6 g5 30. Rd1 Ke7 31. Bc5 1-0

[Event "Crema op 10th"]
[Site "Crema"]
[Date "2008.09.07"]
[Round "5"]
[White "Vishanji, Adrian"]
[Black "Madaschi, Sergio"]
[Result "1-0"]
[WhiteElo "1974"]
[BlackElo "1595"]
[PlyCount "85"]
[EventDate "2008.09.05"]
[EventType "swiss"]
[EventRounds "6"]
[EventCountry "ITA"]
[SourceTitle "EXT 2011"]
[Source "ChessBase"]
[SourceDate "2010.11.26"]
[SourceVersion "1"]
[SourceVersionDate "2010.11.26"]
[SourceQuality "1"]

1. e4 e5 2. Nf3 Nc6 3. d4 exd4 4. Bc4 Bc5 5. c3 dxc3 6. Bxf7+ Kxf7 7. Qd5+ Ke8 8. Qxc5 Qe7 9. Qxe7+ Ngxe7 10. Nxc3 d6 11. Nb5 Kd8 12. Ng5 Kd7 13. Bf4 Ne5 14. Bxe5 dxe5 15. Nf7 Kc6 16. Nxh8 Be6 17. a4 Rxh8 18. Rc1+ Kb6 19. Nxc7 Bb3 20. 0-0 Bxa4 21. Ne6 Bc6 22. f3 g6 23. Rfd1 h6 24. Nd8 Re8 25. Nf7 h5 26. Nxe5 Kc7 27. b4 a6 28. Kf2 Rd8 29. Rxd8 Kxd8 30. h4 Kc7 31. Ke3 Kb6 32. Kf4 a5 33. bxa5+ Kxa5 34. Kg5 Be8 35. Kf6 Nc6 36. Nxc6+ Bxc6 37. Kxg6 Ba4 38. e5 b5 39. e6 b4 40. e7 b3 41. Ra1 Kb4 42. Rxa4+ Kxa4 43. e8Q+ 1-0

[Event "Crema op 10th"]
[Site "Crema"]
[Date "2008.09.06"]
[Round "3"]
[White "Vishanji, Adrian"]
[Black "Brugo, Marco"]
[Result "0-1"]
[WhiteElo "1974"]
[BlackElo "2107"]
[PlyCount "90"]
[EventDate "2008.09.05"]
[EventType "swiss"]
[EventRounds "6"]
[EventCountry "ITA"]
[SourceTitle "EXT 2011"]
[Source "ChessBase"]
[SourceDate "2010.11.26"]
[SourceVersion "1"]
[SourceVersionDate "2010.11.26"]
[SourceQuality "1"]

1. e4 e6 2. d4 d5 3. Nc3 Bb4 4. e5 c5 5. a3 Bxc3+ 6. bxc3 Qc7 7. Qg4 f5 8. Bb5+ Nc6 9. Bxc6+ bxc6 10. Qg3 Rb8 11. Ne2 Ba6 12. Nf4 Qf7 13. Nxe6 Qxe6 14. Qxg7 Qg6 15. Qxa7 Qxg2 16. Qxb8+ Kf7 17. Qa7+ Ne7 18. Bg5 Re8 19. 0-0-0 Qxg5+ 20. Kb2 Be2 21. Rhg1 Qf4 22. e6+ Kf6 23. Rc1 Qxf2 24. Qc7 cxd4 25. cxd4 Qxd4+ 26. c3 Qf2 27. Qg3 Qxg3 28. Rxg3 Bc4 29. Rh3 Kxe6 30. Re1+ Kd6 31. Rxh7 Rb8+ 32. Kc2 Ng8 33. Rh8 f4 34. Rb1 Rxb1 35. Kxb1 f3 36. Rxg8 f2 37. Rf8 f1Q+ 38. Rxf1 Bxf1 39. Kc2 Kc5 40. h4 Kc4 41. h5 Bd3+ 42. Kb2 c5 43. a4 d4 44. h6 dxc3+ 45. Kc1 Kb4 0-1

[Event "Crema op 09th"]
[Site "Crema"]
[Date "2007.09.09"]
[Round "6"]
[White "Casartelli, Fabio"]
[Black "Vishanji, Adrian"]
[Result "0-1"]
[WhiteElo "1916"]
[BlackElo "1821"]
[PlyCount "48"]
[EventDate "2007.09.07"]
[EventType "swiss"]
[EventRounds "6"]
[EventCountry "ITA"]
[SourceTitle "EXT 2009"]
[Source "ChessBase"]
[SourceDate "2008.11.26"]
[SourceVersion "1"]
[SourceVersionDate "2008.11.26"]
[SourceQuality "1"]

1. d4 d5 2. Bf4 e6 3. Nd2 Bd6 4. Bxd6 cxd6 5. Ngf3 Nf6 6. e3 0-0 7. Bd3 Nbd7 8. 0-0 e5 9. e4 dxe4 10. Nxe4 Nxe4 11. Bxe4 Nf6 12. Ng5 h6 13. dxe5 dxe5 14. Nxf7 Kxf7 15. Qf3 Kg8 16. Qb3+ Kh8 17. Rad1 Qb6 18. Qa3 Bd7 19. Rd6 Bc6 20. Bxc6 bxc6 21. Qh3 Rad8 22. Re6 Nh7 23. Re7 Rxf2 24. Re8+ Rf8+ 0-1

[Event "Crema op 09th"]
[Site "Crema"]
[Date "2007.09.08"]
[Round "3"]
[White "Vishanji, Adrian"]
[Black "Castrogiovanni, Carlo"]
[Result "0-1"]
[WhiteElo "1821"]
[BlackElo "2086"]
[PlyCount "112"]
[EventDate "2007.09.07"]
[EventType "swiss"]
[EventRounds "6"]
[EventCountry "ITA"]
[SourceTitle "EXT 2009"]
[Source "ChessBase"]
[SourceDate "2008.11.26"]
[SourceVersion "1"]
[SourceVersionDate "2008.11.26"]
[SourceQuality "1"]

1. e4 c5 2. Nf3 a6 3. d4 cxd4 4. Nxd4 Nf6 5. Nc3 e5 6. Nf3 Bb4 7. Bd2 0-0 8. Bg5 Bxc3+ 9. bxc3 Qc7 10. Bd3 Qxc3+ 11. Nd2 Nh5 12. 0-0 Nf4 13. Nc4 b5 14. Nd6 Nc6 15. Qg4 Ng6 16. h4 f6 17. h5 fxg5 18. hxg6 h6 19. Qh5 Ne7 20. Nf7 Rxf7 21. gxf7+ Kf8 22. a4 b4 23. Qe2 Kxf7 24. Bc4+ Kg6 25. Rad1 Nc6 26. Rd3 Nd4 27. Rxd4 exd4 28. Bd5 Rb8 29. e5 Kh7 30. Qe4+ Kh8 31. Rd1 Qc7 32. Rxd4 Bb7 33. Rxb4 Bxd5 34. Rxb8+ Qxb8 35. Qxd5 Qb2 36. Qxd7 Qa1+ 37. Kh2 Qxe5+ 38. g3 Qe2 39. Qd8+ Kh7 40. Qd3+ Qxd3 41. cxd3 Kg6 42. Kg2 Kf5 43. Kf3 Ke5 44. Ke3 h5 45. f4+ gxf4+ 46. gxf4+ Kd5 47. a5 g6 48. d4 h4 49. Kf3 Kxd4 50. Kg4 Ke4 51. f5 gxf5+ 52. Kxh4 Kf3 53. Kg5 Ke4 54. Kh4 f4 55. Kh3 Ke3 56. Kg2 Ke2 0-1